000 00763nam a2200253 4500
003 MX-MxINE
005 20260530115321.0
008 260520b2017 mx ||||| |||| 00| 0 spa d
020 _a9781366070043
040 _aOTC
_bspa
_cOTC
_erda
041 _aspa
050 _aGT625 P73
100 1 _aPrado, Gustavo,
_eautor
_934440
245 1 0 _aMextilo :
_bmemoria de la moda mexicana /
_cGustavo Prado ; ilustraciones
264 1 _aa León, Gto. :
_bTrendo.mx,
_c2017
300 _a464 páginas :
_bilustraciones
336 _2rdacontent
_atexto
337 _2rdamedia
_asin medio
338 _2rdacarrier
_avolumen
500 _a Texto en español e inglés
650 4 _aModa
_zMexico
_934441
700 _aAndonella,
_eilustrador
_934442
942 _2lcc
_n1
_cBK
999 _c13796
_d13796